000 00529nam a2200217Ia 4500
003 OSt
005 20221005132724.0
006 a|||||r|||| 00| 0
007 ta
008 221004b |||||||| |||| 00| 0 urd d
024 _a110402
037 _cTextual
040 _aCRL
_cCRL
_burd
041 _2urd
_aurd
082 _aO168,2x, N8
100 _aMohammd Hasan
_9205582
245 0 _aUrdu dramo ka intkhab
260 _c1998
942 _hO168,2x, N8
_cTEXL
_2cc
999 _c1064600
_d1064600